00789nam a2200205Ia 4500003000900000008004100009040001600050080002500066110003300091245014500124260005000269300000800319500002900327650004300356650001800399650002100417942000700438999001500445952012300460IN-BaIIA211028s9999 xx 000 0 eng d cIIA Library a083.7:69.003.12bISI aIndian Standards Institution 0aIndian standard methods of measurement building and civil engineering worksbpt. 11, paving and floor finishescIndian Standards Institution aNew DelhibIndian Standards Institutionc1973 a8p. aIS 1200 : Part 11 : 1971 a Building Engineering-Standards98851 a Standards  aNASA Thesaurus  cBK c5145d5145 00104070aBANbBANcGENd1976-12-22g5.00l0o083.7:69.003.12/ ISIp5745r2021-11-05v5.00w1976-12-22yBKGRs. 5.00